Roma republicana
Tallennettuna:
| Päätekijät: | , , |
|---|---|
| Aineistotyyppi: | Kirja |
| Kieli: | espanja |
| Julkaistu: |
Madrid
Arlanza
2000
|
| Sarja: | Historia de la Humanidad, 10
|
| Aiheet: | |
| Tagit: |
Lisää tagi
Ei tageja, Lisää ensimmäinen tagi!
|
MARC
| LEADER | 00000nam a2200000 a 4500 | ||
|---|---|---|---|
| 001 | UCG2725 | ||
| 003 | CL-VaPUC | ||
| 008 | 100723e20000000SP |||||||||||||||||spa|d | ||
| 020 | |a 8495503034 | ||
| 082 | 0 | 4 | |a 909 |b ROL |2 21 |
| 100 | 0 | |a Roldán, J.M |e author |9 551299 | |
| 700 | |a González Román, Cristóbal |e author |9 592914 | ||
| 700 | 0 | |a Bendala, Manuel |e author |9 551301 | |
| 245 | 1 | 0 | |a Roma republicana |
| 300 | |a v.10 | ||
| 942 | |c BK | ||
| 945 | |d 20100723 00:00:00 |a mfarfan | ||
| 260 | |a Madrid |b Arlanza |c 2000 | ||
| 650 | 0 | |a Civilizaciones antiguas |9 265998 | |
| 650 | 0 | |a Historia antigua |9 267521 | |
| 650 | 0 | |a Historia universal |9 266877 | |
| 651 | 0 | |a Roma |9 255106 | |
| 583 | |a last modification |c 20100723 00:00:00 |k Rodrigo Vera | ||
| 490 | 0 | |a Historia de la Humanidad, 10 | |
| 999 | |c 341851 |d 341849 | ||
| 952 | |0 0 |1 0 |4 0 |6 909_000000000000000_ROL_2000 |7 0 |8 A |9 437637 |a BIBHIS |b BIBHIS |d 2019-11-22 |i 4696115 |o 909 ROL 2000 |p 4696115 |r 2025-01-20 |w 2019-11-22 |y BK |k HIS | ||